Catálogo

Atención integral del paciente diabético / (Registro nro. 39853)

Detalles MARC
000 -LEADER
fixed length control field 01066cam a2200289 i 4500
001 - CONTROL NUMBER
control field 39853
003 - CONTROL NUMBER IDENTIFIER
control field Mx-PuUPA
005 - DATE AND TIME OF LATEST TRANSACTION
control field 20250318083857.0
008 - FIXED-LENGTH DATA ELEMENTS--GENERAL INFORMATION
fixed length control field 140415s1998 mx a gr 000 0 spa d
020 ## - INTERNATIONAL STANDARD BOOK NUMBER
International Standard Book Number 9701019830
040 ## - CATALOGING SOURCE
Original cataloging agency Mx-PuUPA
Language of cataloging spa
Transcribing agency Mx-PuUPA
Modifying agency Mx-PuUPA
Description conventions rda
041 0# - LANGUAGE CODE
Language code of text/sound track or separate title spa
245 00 - TITLE STATEMENT
Title Atención integral del paciente diabético /
Statement of responsibility, etc. Ismael Lerman Garber ; colaboradores, Carlos Alberto Aguilar, Ernesto Barrón Uribe [y otros 40]
250 ## - EDITION STATEMENT
Edition statement Segunda edición
264 #1 - PRODUCTION, PUBLICATION, DISTRIBUTION, MANUFACTURE, AND COPYRIGHT NOTICE
Place of production, publication, distribution, manufacture México, D.F. :
Name of producer, publisher, distributor, manufacturer McGraw-Hill Interamerica Editores,
Date of production, publication, distribution, manufacture, or copyright notice ©1998
300 ## - PHYSICAL DESCRIPTION
Extent xix, 358 páginas :
Other physical details ilustraciones, diagramas, tablas ;
Dimensions 22 cm
336 ## - CONTENT TYPE
Fuente rdacontent
Content type term texto
Content type code txt
337 ## - MEDIA TYPE
Source rdamedia
Media type term sin medio
Media type code n
338 ## - CARRIER TYPE
Source rdacarrier
Carrier type term volumen
Carrier type code nc
650 #7 - SUBJECT ADDED ENTRY--TOPICAL TERM
Source of heading or term armarc
Topical term or geographic name entry element Diabetes
General subdivision Tratamiento
700 1# - ADDED ENTRY--PERSONAL NAME
Personal name Lerman Garber, Ismael,
Relator term editor
700 1# - ADDED ENTRY--PERSONAL NAME
Personal name Aguilar, Carlos Alberto,
Relator term colaborador
700 1# - ADDED ENTRY--PERSONAL NAME
Personal name Barrón Uribe, Ernesto,
Relator term colaborador
942 ## - ADDED ENTRY ELEMENTS (KOHA)
Source of classification or shelving scheme Dewey Decimal Classification
Koha item type Libro
Classification part 616.462023
Item part A86
Existencias
Withdrawn status Lost status Source of classification or shelving scheme Damaged status Not for loan Collection code Home library Current library Shelving location Date acquired Source of acquisition Total Checkouts Full call number Barcode Date last seen Date last checked out Copy number Price effective from Koha item type
    Dewey Decimal Classification     General Biblioteca Karol Wojtyla Biblioteca Karol Wojtyla Sala general 03/12/2013 Compra 2 616.462023 A86 1998 65406 05/01/2026 26/09/2019 Ej.3 03/12/2013 Libro
    Dewey Decimal Classification     General Biblioteca Karol Wojtyla Biblioteca Karol Wojtyla Sala general 03/12/2013 Compra   616.462023 A86 1998 65405 05/01/2026 29/04/2016 Ej.4 03/12/2013 Libro
    Dewey Decimal Classification     General Biblioteca Karol Wojtyla Biblioteca Karol Wojtyla Sala general 03/12/2013 Compra 1 616.462023 A86 1998 59844 05/01/2026 02/10/2018   03/12/2013 Libro
    Dewey Decimal Classification     General Biblioteca Karol Wojtyla Biblioteca Karol Wojtyla Sala general 03/12/2013 Compra 3 616.462023 A86 1998 59975 05/01/2026 05/02/2020 Ej.2 03/12/2013 Libro